000
00436nam a2200145Ia 4500
008
100122s9999 xx 000 0 und d
082
_b
37979
_a
821.09
100
_a
सुर्वे नारायण
245
_a
सर्व सुर्वे
260
_b
आनंदबन प्रकाशन
300
_a
624
630
_a
सर्व सुर्वे
730
_a
सर्व सुर्वे
942
_c
BOOK
999
_c
420298
_d
420295